[Event "SRB-ch U18"]
[White "Orlic, Vukasin"]
[Black "Mijatovic, Dusan"]
[Site "Novi Sad"]
[Round "7"]
[Result "0-1"]
[Date "2021.08.07"]
[WhiteElo "1792"]
[BlackElo "2097"]
[PlyCount "58"]
[EventDate "2021.08.03"]
[EventType "swiss"]
[EventRounds "9"]
[EventCountry "SRB"]
[SourceTitle "EXT 2022"]
[Source "ChessBase"]
[SourceDate "2021.10.06"]
[SourceVersion "1"]
[SourceVersionDate "2021.10.06"]
[SourceQuality "1"]

1. d4 Nf6 2. Bg5 d5 3. Bxf6 exf6 4. e3 Bd6 5. g3 c6 6. Bg2 Nd7 7. Ne2 f5 8. Nd2 Nf6 9. 0-0 h5 10. c4 Be6 11. Qc2 Ne4 12. c5 Bc7 13. b4 h4 14. Rab1 Qf6 15. Rfc1 hxg3 16. fxg3 g5 17. b5 Bc8 18. Nxe4 fxe4 19. Rf1 Qh6 20. Kf2 Bg4 21. bxc6 Qxc6 22. Rh1 Rh6 23. Qb3 Rf6+ 24. Ke1 Ba5+ 25. Nc3 Qa6 26. Rb2 Qd3 27. Qa4+ Kf8 28. Qxa5 Qxe3+ 29. Re2 Bxe2 0-1

[Event "SRB-ch U18"]
[White "Orlic, Vukasin"]
[Black "Gagic, Milan A"]
[Site "Novi Sad"]
[Round "5"]
[Result "0-1"]
[Date "2021.08.05"]
[WhiteElo "1792"]
[BlackElo "2025"]
[PlyCount "124"]
[EventDate "2021.08.03"]
[EventType "swiss"]
[EventRounds "9"]
[EventCountry "SRB"]
[SourceTitle "EXT 2022"]
[Source "ChessBase"]
[SourceDate "2021.10.06"]
[SourceVersion "1"]
[SourceVersionDate "2021.10.06"]
[SourceQuality "1"]

1. Nf3 Nf6 2. g3 d6 3. d4 g6 4. Bg2 Bg7 5. 0-0 0-0 6. c4 Bf5 7. b3 c5 8. Bb2 Nc6 9. Nc3 Ne4 10. e3 Qa5 11. Ne2 g5 12. Qe1 Qxe1 13. Rfxe1 a5 14. Red1 a4 15. Nd2 Nxd2 16. Rxd2 axb3 17. axb3 Rxa1+ 18. Bxa1 Ra8 19. Bc3 Ra3 20. Nc1 Na5 21. Bxa5 Rxa5 22. Ra2 Rxa2 23. Nxa2 cxd4 24. exd4 Bc2 25. c5 Bxd4 26. cxd6 exd6 27. Nb4 Bxb3 28. Bxb7 Bc5 29. Bd5 Bxd5 30. Nxd5 Kg7 31. g4 f6 32. Kg2 Kf7 33. Kg3 Ke6 34. Nc3 Ke5 35. Kf3 d5 36. Ke2 Bb4 37. Na2 Ba3 38. Nc3 Bc5 39. Nd1 Bd4 40. Kd3 h6 41. h3 Ba7 42. Ke2 Bb6 43. Nb2 Kd4 44. Kd2 Ba5+ 45. Ke2 Bc7 46. Nd1 Bf4 47. Nb2 Bd6 48. Nd1 Ke4 49. Nc3+ Ke5 50. Kd3 Bb4 51. Ne2 Bc5 52. f3 Bf2 53. Nc3 Bh4 54. Ne2 Be1 55. Nc1 Kf4 56. Ke2 Bc3 57. Kf2 Bd4+ 58. Kg2 Ke3 59. Nb3 Bb6 60. h4 Kd3 61. hxg5 hxg5 62. Kf1 Kc2 0-1

[Event "SRB-ch U14"]
[White "Sabo, Marko D"]
[Black "Orlic, Vukasin"]
[Site "Subotica"]
[Round "4"]
[Result "0-1"]
[Date "2021.05.05"]
[WhiteElo "1487"]
[BlackElo "1705"]
[PlyCount "60"]
[EventDate "2021.05.03"]
[EventType "swiss"]
[EventRounds "9"]
[EventCountry "SRB"]
[SourceTitle "EXT 2022"]
[Source "ChessBase"]
[SourceDate "2021.10.06"]
[SourceVersion "1"]
[SourceVersionDate "2021.10.06"]
[SourceQuality "1"]

1. b3 d5 2. Bb2 Bf5 3. Nf3 e6 4. Nc3 Nd7 5. e3 h6 6. h3 Ngf6 7. Ne2 Bd6 8. Ned4 Bh7 9. c4 c6 10. Rc1 0-0 11. Be2 a6 12. 0-0 e5 13. Nc2 Qc7 14. Nh2 e4 15. Ng4 Nxg4 16. Bxg4 Ne5 17. Bxe5 Bxe5 18. cxd5 cxd5 19. Nd4 Qe7 20. Nf5 Bxf5 21. Bxf5 g6 22. Bg4 f5 23. Be2 f4 24. exf4 Rxf4 25. Re1 Bd4 26. Kh1 Rxf2 27. Qc2 Qg5 28. Bf1 Qg3 29. Rxe4 Raf8 30. Ree1 Be5 0-1